Hammerhead vs. bull shark / (Record no. 752)

MARC details
000 -LEADER
fixed length control field 01168cam a22003377a 4500
005 - DATE AND TIME OF LATEST TRANSACTION
control field 20230706112618.0
020 ## - INTERNATIONAL STANDARD BOOK NUMBER
International Standard Book Number 9780545301701
020 ## - INTERNATIONAL STANDARD BOOK NUMBER
International Standard Book Number 054530170X
040 ## - CATALOGING SOURCE
Original cataloging agency KCK
Transcribing agency KCK
Modifying agency DLC
Language of cataloging eng
050 00 - LIBRARY OF CONGRESS CALL NUMBER
Classification number QL638.9
Item number P33 2011
100 1# - MAIN ENTRY--PERSONAL NAME
Personal name Pallotta, Jerry.
245 10 - TITLE STATEMENT
Title Hammerhead vs. bull shark /
Statement of responsibility, etc. by Jerry Pallotta ; illustrated by Rob Bolster.
246 3# - VARYING FORM OF TITLE
Title proper/short title Who would win? :
Remainder of title hammerhead vs. bull shark
246 1# - VARYING FORM OF TITLE
Display text At head of title :
Title proper/short title Who would win?
246 3# - VARYING FORM OF TITLE
Title proper/short title Hammerhead versus bull shark
260 ## - PUBLICATION, DISTRIBUTION, ETC.
Place of publication, distribution, etc. New York :
Name of publisher, distributor, etc. Scholastic,
Date of publication, distribution, etc. 2011.
300 ## - PHYSICAL DESCRIPTION
Extent 32 pages. :
Other physical details collors. illustrations. ;
Dimensions 23 cm.
490 0# - SERIES STATEMENT
Series statement Who would win?
505 ## - FORMATTED CONTENTS NOTE
Formatted contents note R <br/>
520 ## - SUMMARY, ETC.
Summary, etc. Contains facts about hammerhead sharks and bull sharks, comparing such aspects as their sizes, brain structure, and abilities.
521 ## - TARGET AUDIENCE NOTE
Target audience note 780 <br/><br/>
Source Lexile <br/><br/>
521 ## - TARGET AUDIENCE NOTE
Target audience note R <br/>
Source Raz-Plus <br/>
650 #0 - SUBJECT ADDED ENTRY--TOPICAL TERM
Topical term or geographic name entry element Sharks
Form subdivision Nonfiction
650 #0 - SUBJECT ADDED ENTRY--TOPICAL TERM
Topical term or geographic name entry element Hammerhead sharks
Form subdivision Nonfiction
650 #0 - SUBJECT ADDED ENTRY--TOPICAL TERM
Topical term or geographic name entry element Bull shark
Form subdivision Nonfiction
700 1# - ADDED ENTRY--PERSONAL NAME
Personal name Bolster, Rob.
906 ## - LOCAL DATA ELEMENT F, LDF (RLIN)
a 7
b cbc
c copycat
d 2
e ncip
f 20
g y-gencatlg
942 ## - ADDED ENTRY ELEMENTS (KOHA)
Source of classification or shelving scheme Dewey Decimal Classification
Koha item type Books
Suppress in OPAC No
999 ## -
-- 752
-- 752
Holdings
Withdrawn status Lost status Source of classification or shelving scheme Damaged status Not for loan Home library Current library Shelving location Date acquired Total Checkouts Full call number Barcode Date last seen Price effective from Koha item type
    Dewey Decimal Classification     Footprints International School Library Network Toul Kork Campus Footprints International School Library Network Toul Kork Campus   07/05/2023   PAL 599.53 QL737.C432 FIS04721 07/05/2023 07/05/2023 Books